<?xml version="1.0" encoding="UTF-8"?>
<record
    xmlns:xsi="http://www.w3.org/2001/XMLSchema-instance"
    xsi:schemaLocation="http://www.loc.gov/MARC21/slim http://www.loc.gov/standards/marcxml/schema/MARC21slim.xsd"
    xmlns="http://www.loc.gov/MARC21/slim">

  <leader>03726njm a2200517Ia 4500</leader>
  <controlfield tag="001">D7449</controlfield>
  <controlfield tag="003">IT-RoPAU</controlfield>
  <controlfield tag="005">20220918181115.0</controlfield>
  <controlfield tag="008">131025s9999    xx            000 0 und d</controlfield>
  <datafield tag="040" ind1=" " ind2=" ">
    <subfield code="a">IT-RoPAU</subfield>
  </datafield>
  <datafield tag="040" ind1=" " ind2=" ">
    <subfield code="c">IT-RoPAU</subfield>
  </datafield>
  <datafield tag="999" ind1=" " ind2=" ">
    <subfield code="c">99321</subfield>
    <subfield code="d">99321</subfield>
  </datafield>
  <datafield tag="999" ind1=" " ind2=" ">
    <subfield code="b">n.d.</subfield>
  </datafield>
  <datafield tag="100" ind1=" " ind2=" ">
    <subfield code="a">AA.VV.</subfield>
    <subfield code="9">794</subfield>
  </datafield>
  <datafield tag="100" ind1=" " ind2=" ">
    <subfield code="e">Autore musica</subfield>
    <subfield code="9">31140</subfield>
  </datafield>
  <datafield tag="100" ind1=" " ind2=" ">
    <subfield code="g">Codice autore musica SPICS: 12000</subfield>
    <subfield code="9">796</subfield>
  </datafield>
  <datafield tag="245" ind1=" " ind2=" ">
    <subfield code="a">Fmp Free Music Production Story</subfield>
  </datafield>
  <datafield tag="250" ind1=" " ind2=" ">
    <subfield code="a">2a ed.</subfield>
  </datafield>
  <datafield tag="260" ind1=" " ind2=" ">
    <subfield code="a">MILANO</subfield>
  </datafield>
  <datafield tag="260" ind1=" " ind2=" ">
    <subfield code="b">RUSCONI</subfield>
    <subfield code="c">1996 [1a Ed.:]</subfield>
  </datafield>
  <datafield tag="300" ind1=" " ind2=" ">
    <subfield code="a">COMPACT DISC</subfield>
  </datafield>
  <datafield tag="300" ind1=" " ind2=" ">
    <subfield code="c">73 minuti (Testo:  pag.)</subfield>
  </datafield>
  <datafield tag="500" ind1=" " ind2=" ">
    <subfield code="a">Musica jazz. Cd fuori commercio allegato al n. 3 1996 della rivista "Musica jazz".</subfield>
  </datafield>
  <datafield tag="505" ind1=" " ind2=" ">
    <subfield code="a">Responsible [(Brema, maggio 1968) (9:00)] - Good Days [(Wuppertal, febbraio 1979) (5:00)] - Evidence [(Berlino, 31 marzo 1975) (7:00)] - In These Last Days [(New York, 19 aprile 1988) (4:00)] - Ressurrection of Yarak [(Berlino, maggio 1990) (9:00)] - Auf Der Elbe Schwimmt Ein Rosa Krokodil [(Berlino Est, marzo 1974) (6:00)] - Nocturnal Chirps 3 [(Berlino, 18 luglio 1985) (6:00)] - Translation [(Berlino, tra il 22 e il 24 giugno 1992) (King Ubu Orchestru) (5:00)] - Oh, My God [(Berlino, giugno 1987) (Tippett Keith) (5:00)]</subfield>
  </datafield>
  <datafield tag="511" ind1=" " ind2=" ">
    <subfield code="a">Brotzmann Peter: ten; Parker Evan: ten; Van Hove Fred: p; Kowald Peter: cb; Niebergall Buschi: cb; Bennink Han: batt; Johansson Swen-Ake: batt; Peter Brotzmann Octet</subfield>
  </datafield>
  <datafield tag="511" ind1=" " ind2=" ">
    <subfield code="a">Reichel Hans: p</subfield>
  </datafield>
  <datafield tag="511" ind1=" " ind2=" ">
    <subfield code="a">Wheeler Kenny: tr; Lacy Steve: sop; Parker Evan: ten; Dudek Gerd: ten; Mangelsdorff Albert: trne; Rutherford Paul: trne; Von Schlippenbach Alexander: p, arr; Kowald Peter: cb, tuba; Lovens Paul: batt, perc; Globe Unity Special 75</subfield>
  </datafield>
  <datafield tag="511" ind1=" " ind2=" ">
    <subfield code="a">Kowald Peter: cb; Lee Jeanne: voc</subfield>
  </datafield>
  <datafield tag="511" ind1=" " ind2=" ">
    <subfield code="a">Parker Evan: ten; Von Schlippenbach Alexander: p; Lovens Paul: batt, perc; Schlippenbach Trio</subfield>
  </datafield>
  <datafield tag="511" ind1=" " ind2=" ">
    <subfield code="a">Petrowsky Ernst-Ludwig: alto; Bauer Conrad: trne; Gumpert Ulrich: p; Sommer Gunter: batt, perc; Synopsis</subfield>
  </datafield>
  <datafield tag="511" ind1=" " ind2=" ">
    <subfield code="a">Lacy Steve: sop; Parker Evan: sop; Synopsis</subfield>
  </datafield>
  <datafield tag="511" ind1=" " ind2=" ">
    <subfield code="a">Fuchs Wolfgang: sopranino; Van Bergen Peter: ten, cl, b, cl, contrabbasso; Houtkamp Luc: cl, alto, ten; Christmann Gunter: trne; Malfatti Radu: trne; Poore Melvyn: tuba; Wachsmann Phil: viol, str elettronici; Muller Torsten: cb; Lytton Paul: batt, str elettronici; Katzer Georg: computer str elettronici.</subfield>
  </datafield>
  <datafield tag="650" ind1=" " ind2=" ">
    <subfield code="a">JAZZ [COMPACT DISC]</subfield>
    <subfield code="e">Codice MATERIA SPICS: 9949</subfield>
    <subfield code="9">11822</subfield>
  </datafield>
  <datafield tag="700" ind1=" " ind2=" ">
    <subfield code="a">Van Hove Fred</subfield>
    <subfield code="d">Codice autore musica SPICS: 46250</subfield>
    <subfield code="e">Autore musica</subfield>
    <subfield code="p">Responsible</subfield>
    <subfield code="9">31141</subfield>
  </datafield>
  <datafield tag="700" ind1=" " ind2=" ">
    <subfield code="a">Reichel Hans</subfield>
    <subfield code="d">Codice autore musica SPICS: 46251</subfield>
    <subfield code="e">Autore musica</subfield>
    <subfield code="p">Good Days</subfield>
    <subfield code="9">31142</subfield>
  </datafield>
  <datafield tag="700" ind1=" " ind2=" ">
    <subfield code="a">Monk Thelonious</subfield>
    <subfield code="d">Codice autore musica SPICS: 10795</subfield>
    <subfield code="e">Autore musica</subfield>
    <subfield code="p">Evidence</subfield>
    <subfield code="9">31143</subfield>
  </datafield>
  <datafield tag="700" ind1=" " ind2=" ">
    <subfield code="a">Lee Jeanne</subfield>
    <subfield code="d">Codice autore musica SPICS: 46252</subfield>
    <subfield code="e">Autore musica</subfield>
    <subfield code="p">In These Last Days</subfield>
    <subfield code="9">31144</subfield>
  </datafield>
  <datafield tag="700" ind1=" " ind2=" ">
    <subfield code="a">Parker Evan</subfield>
    <subfield code="d">Codice autore musica SPICS: 46253</subfield>
    <subfield code="e">Autore musica</subfield>
    <subfield code="p">Ressurrection of Yarak</subfield>
    <subfield code="9">31145</subfield>
  </datafield>
  <datafield tag="700" ind1=" " ind2=" ">
    <subfield code="a">Schlippenbach Alexander Von</subfield>
    <subfield code="d">Codice autore SPICS: 46254</subfield>
    <subfield code="e">Autore</subfield>
    <subfield code="p">Ressurrection of Yarak</subfield>
    <subfield code="9">31146</subfield>
  </datafield>
  <datafield tag="700" ind1=" " ind2=" ">
    <subfield code="a">Lovens Paul</subfield>
    <subfield code="d">Codice autore testo/musica SPICS: 46255</subfield>
    <subfield code="e">Autore testo/musica</subfield>
    <subfield code="p">Ressurrection of Yarak</subfield>
    <subfield code="9">31147</subfield>
  </datafield>
  <datafield tag="700" ind1=" " ind2=" ">
    <subfield code="a">Sommer Gunter</subfield>
    <subfield code="d">Codice autore musica SPICS: 46256</subfield>
    <subfield code="e">Autore musica</subfield>
    <subfield code="p">Auf Der Elbe Schwimmt Ein Rosa Krokodil</subfield>
    <subfield code="9">31148</subfield>
  </datafield>
  <datafield tag="700" ind1=" " ind2=" ">
    <subfield code="a">Lacy Steve</subfield>
    <subfield code="d">Codice autore musica SPICS: 10217</subfield>
    <subfield code="e">Autore musica</subfield>
    <subfield code="p">Nocturnal Chirps 3</subfield>
    <subfield code="9">31149</subfield>
  </datafield>
  <datafield tag="700" ind1=" " ind2=" ">
    <subfield code="a">Parker Evan</subfield>
    <subfield code="d">Codice autore SPICS: 46253</subfield>
    <subfield code="e">Autore</subfield>
    <subfield code="p">Nocturnal Chirps 3 - Translation - Oh, My God</subfield>
    <subfield code="9">31150</subfield>
  </datafield>
  <datafield tag="700" ind1=" " ind2=" ">
    <subfield code="a">King Ubu Orchestru</subfield>
    <subfield code="d">Codice autore musica SPICS: 46257</subfield>
    <subfield code="e">Autore musica</subfield>
    <subfield code="p">Translation</subfield>
    <subfield code="9">31151</subfield>
  </datafield>
  <datafield tag="700" ind1=" " ind2=" ">
    <subfield code="a">Tippett Keith</subfield>
    <subfield code="d">Codice autore musica SPICS: 46258</subfield>
    <subfield code="e">Autore musica</subfield>
    <subfield code="p">Oh, My God</subfield>
    <subfield code="9">31152</subfield>
  </datafield>
  <datafield tag="942" ind1=" " ind2=" ">
    <subfield code="c">CD</subfield>
    <subfield code="2">ddc</subfield>
  </datafield>
  <datafield tag="952" ind1=" " ind2=" ">
    <subfield code="0">0</subfield>
    <subfield code="1">0</subfield>
    <subfield code="4">0</subfield>
    <subfield code="6">D_7449_000000000000000</subfield>
    <subfield code="7">1</subfield>
    <subfield code="a">SPICS</subfield>
    <subfield code="b">SPICS</subfield>
    <subfield code="d">2013-10-25</subfield>
    <subfield code="l">0</subfield>
    <subfield code="o">D7449</subfield>
    <subfield code="r">2013-10-25 00:00:00</subfield>
    <subfield code="w">2013-10-25</subfield>
    <subfield code="y">CD</subfield>
    <subfield code="z">Progr. Ins.: 2173 / N.Vol.: 1 / Copie: 1 - Copia rara: n.d. / date import: 01.01.2014 - By Epidotti, Trombetti, Vaglietti</subfield>
  </datafield>
</record>
